Statistics for Oldest Current Sovereign State Flags

Click here to take the quiz!

General Stats

  • This quiz has been taken 49 times
  • The average score is 11 of 15

Answer Stats

Year ContinentAnswer% Correct
1219EuropeDenmark
91%
1830EuropeFrance
87%
1801EuropeUK
85%
1817S AmericaChile
85%
1851S AmericaBolivia
83%
1828S AmericaUruguay
80%
1842S AmericaParaguay
78%
1410EuropeNetherlands
76%
1825S AmericaPeru
76%
1844AsiaTurkey
76%
1831EuropeBelgium
63%
1847AfricaLiberia
59%
1818S AmericaArgentina
48%
1743AsiaNepal
46%
1831AfricaTunisia
39%

Score Distribution

Percentile by Number Answered

Percent of People with Each Score

Your Score History

You have not taken this quiz